Statistics and Numerical Methods/ (Record no. 206773)
[ view plain ]
| 000 -LEADER | |
|---|---|
| fixed length control field | 00848nam a22002537a 4500 |
| 005 - DATE AND TIME OF LATEST TRANSACTION | |
| control field | 20241025155126.0 |
| 010 ## - LCCN (DPL NO) | |
| LC control number | ENG-142445 |
| 020 ## - INTERNATIONAL STANDARD BOOK NUMBER | |
| International Standard Book Number | 9789361597718 |
| Terms of availability | 580.00 |
| 035 ## - SYSTEM CONTROL NUMBER | |
| System control number | EN-125977 |
| 037 ## - SOURCE OF ACQUISITION | |
| Source of stock number/acquisition | DBAD |
| 082 ## - DEWEY DECIMAL CLASSIFICATION NUMBER | |
| Edition number | 1 |
| Classification number | 519.4 |
| 100 ## - MAIN ENTRY--PERSONAL NAME | |
| Personal name | Kodi, K. Basari |
| 245 ## - TITLE STATEMENT | |
| Title | Statistics and Numerical Methods/ |
| Statement of responsibility, etc | By K. Basari Kodi...[et.al] |
| 250 ## - EDITION STATEMENT | |
| Edition statement | 1 |
| 260 ## - PUBLICATION, DISTRIBUTION, ETC. (IMPRINT) | |
| Place of publication, distribution, etc | Noida |
| Name of publisher, distributor, etc | Pearson India Education |
| Date of publication, distribution, etc | 2024 |
| 270 ## - ADDRESS | |
| Address | 15th floor, Tower- B, World Trade Tower, plot No.1, Block -C, Sector-16, Noida, |
| City | Uttar Pradesh |
| Postal code | 201301 |
| 300 ## - PHYSICAL DESCRIPTION | |
| Extent | vpp. |
| Dimensions | 24cm(pb) |
| 700 ## - ADDED ENTRY--PERSONAL NAME | |
| Personal name | Sathikala, L. |
| Relator term | Author |
| 9 (RLIN) | 73499 |
| 700 ## - ADDED ENTRY--PERSONAL NAME | |
| Personal name | Manimaran, T. |
| Relator term | Author |
| 9 (RLIN) | 73500 |
| 700 ## - ADDED ENTRY--PERSONAL NAME | |
| Personal name | Subramanian, K. |
| Relator term | Author |
| 9 (RLIN) | 73501 |
| 700 ## - ADDED ENTRY--PERSONAL NAME | |
| Personal name | Subasree, R. |
| Relator term | Author |
| 9 (RLIN) | 73502 |
| 700 ## - ADDED ENTRY--PERSONAL NAME | |
| Personal name | Selvaraj, G. |
| Relator term | Author |
| 9 (RLIN) | 73503 |
| 942 ## - ADDED ENTRY ELEMENTS (KOHA) | |
| Source of classification or shelving scheme | Dewey Decimal Classification |
| Item type | English Books |
| Classification part | 519.4 |
| Call number suffix | KOD |
| Edition | 1 |
| Withdrawn status | Lost status | Not for loan | Collection code | Home library | Current library | Date acquired | Source of acquisition | Cost, normal purchase price | Full call number | Barcode | Copy number | Cost, replacement price | Koha item type |
|---|---|---|---|---|---|---|---|---|---|---|---|---|---|
| Non-fiction | Bawana | Bawana | 25/10/2024 | Delivery of Books Act Division | 580.00 | 519.4 KOD | EN-125977 | 1 | 580.00 | English Books |
